Cirugía de las cataratas. Opciones y problemas más frecuentes / (Registro nro. 679)

Detalles MARC
000 -LEADER
fixed length control field 00741Nam#a2200217#a#4500
005 - FECHA ULTIMA MODIFICACION
control field 20110513191827.0
008 - CAMPO DE CONTROL (LIBRO)
fixed length control field 100902s1985||||ag a |||||||||||||spa d
020 ## - INTERNATIONAL STANDARD BOOK NUMBER
ISBN 950060616X
041 ## - CODIGO DE IDIOMA
Código de idioma del texto/pista de sonido o título separado spa
082 ## - DEWEY DECIMAL CLASSIFICATION NUMBER
Classification number 617.71
Edition number 1a ed.
092 ## - SIGNATURA TOPOGRAFICA DEWEY LOCAL
número de clasificación 617.71
Classification number ENG
libristica 21
100 ## - ENTRADA PRINCIPAL--NOMBRE PERSONAL
Nombre personal Engelstein, Joel M.
245 ## - TITULO PROPIAMENTE DICHO
Título Cirugía de las cataratas. Opciones y problemas más frecuentes /
Mención de responsabilidad y remanente de la transcripción de la portada Joel M. Engelstein.
250 ## - MENCION DE EDICION
Mención de edición 1a ed /
Mención de responsabilidad relacionada con la ed. Traducción de Eduardo César Gerding.
260 ## - PIE DE IMPRENTA
Lugar de publicación, distribución, etc Buenos Aires :
Nombre de la editorial, distribuidor, etc Editorial Médica Panamericana,
Fecha de publicación 1985.
300 ## - DESCRIPCION FISICA
Extension 446 p.
653 ## - TÉRMINO INDIZADO - PALABRAS CLAVES
Palabra clave Oftalmología
930 ## - NUMERO DE INVENTARIO
Número de inventario 1088
-- 1
942 ## - ADDED ENTRY ELEMENTS (KOHA)
Source of classification or shelving scheme Dewey Decimal Classification
Item type Libros
Existencias
Estado de retiro Existencia Fuente de clasificación Estado general Uso restringido No para prestamo Ubicación permanente ubicación actual Sala de ubicación Fecha de adquisición Total Checkouts Número de clasificación Código de barras Date last seen Número de ejemplar Price effective from Koha tipo de elemento (item) Public note
    Dewey Decimal Classification   Restricted Access Not For Loan Biblioteca Medicina Biblioteca Medicina Circulación 13/05/2011   617.71 21 ENG 1088 06/11/2014 ej.1 13/05/2011 Libros Baja

UNIVERSIDAD NACIONAL DEL COMAHUE
Biblioteca de la Facultad de Ciencias Médicas
Sede Toschi: Los Arrayanes y Av. Toschi, Cipolletti  - Rio Negro
Sede Los Tordos:  Yrigoyen al 2211, Cipolletti - Rio Negro 

Teléfono: 0299 - 4774707 int 25
Contacto: biblioteca@facimed.uncoma.edu.ar
© 2011 - 2026